书目信息 |
| 题名: |
韩剧全解密
|
|
| 作者: | ;《新京报》 编著 | |
| 分册: | ||
| 出版信息: | 北京 中信出版社 2006 |
|
| 页数: | 213页 | |
| 开本: | 21cm | |
| 丛书名: | ||
| 单 册: | ||
| 中图分类: | J93 | |
| 科图分类: | ||
| 主题词: | 电影工作--韩国 , 电视工作--韩国 , 电影摄影 , 电视摄影 | |
| 电子资源: | ||
| ISBN: | 7-5086-0583-7 | |
| 000 | 00855nam0 2200241 450 | |
| 005 | 20061220102507.40 | |
| 010 | @a7-5086-0583-7@dCNY29.80 | |
| 100 | @a20060829d2006 ekmy0chiy0120 ea | |
| 101 | 0 | @achi |
| 102 | @aCN@b110000 | |
| 105 | @ay z 000yy | |
| 200 | 1 | @a韩剧全解密@AHan Ju Quan Jie Mi@f《新京报》编著@F《 Xin Jing Bao》 Bian Zhu |
| 210 | @a北京@c中信出版社@d2006 | |
| 215 | @a213页@d21cm | |
| 330 | @a韩剧《大长今》在中国播出后,引发收视热潮,成为观众们最喜欢的电视剧。韩国影星裴勇俊主演的电影《外出》在中国引起轰动。近年来,这样在中国引起轰动的韩国电视剧及电影已不是个别案例,而成为一种普遍现象。 | |
| 606 | 0 | @a电影工作@y韩国 |
| 606 | 0 | @a电视工作@y韩国 |
| 606 | 0 | @a电影摄影 |
| 606 | 0 | @a电视摄影 |
| 690 | @aJ93@v4 | |
| 711 | 02 | @a《新京报》@A《 Xin Jing Bao》@4编著 |
| 801 | 0 | @aCN@b中图数据@c20061220 |
| 905 | @a10447@dJ93@e172 | |
| 韩剧全解密/《新京报》编著.-北京:中信出版社,2006 |
| 213页;21cm |
| ISBN 7-5086-0583-7:CNY29.80 |
| 韩剧《大长今》在中国播出后,引发收视热潮,成为观众们最喜欢的电视剧。韩国影星裴勇俊主演的电影《外出》在中国引起轰动。近年来,这样在中国引起轰动的韩国电视剧及电影已不是个别案例,而成为一种普遍现象。 |
| ● |
| 相关链接 |
|
|
|
|
正题名:韩剧全解密
索取号:J93/172
 
预约/预借
| 序号 | 登录号 | 条形码 | 馆藏地/架位号 | 状态 | 备注 |
| 1 | 0613836 | 206138366 | 第一样本阅览室/ [索取号:J93/172] | 在馆 | |
| 2 | 0613837 | 206138375 | 第一借阅区/ [索取号:J93/172] | 在馆 | |
| 3 | 0613838 | 206138384 | 密集书库/ [索取号:J93/172] | 在馆 | |
| 4 | 0613839 | 206138393 | 第一借阅区/ [索取号:J93/172] | 在馆 | |
| 5 | 0613840 | 206138400 | 密集书库/ [索取号:J93/172] | 在馆 | |
| 6 | 0613841 | 206138419 | 第一借阅区/ [索取号:J93/172] | 在馆 |